00994nam a2200241 a 4500001001000000003000500010005001700015008004100032010001100073011001100084040000900095100003800104245020800142260004100350500006000391502008600451650002100537650003300558650002500591650003800616700002800654856007000682000114358CHAP20220329144437.0180115s2017 mx a fsm |||||||spa d a110819 a111791 cCHAP1 aGonzález Espíritu, David Abel10aRendimiento y sus componentes en dos variedades de jitomate, con diferentes arreglos de plantas en dosel en forma de escalera /h[En línea]cpor David Abel González Espiritu y Juvenal Pablo Santiago. aChapingo, Méx. :bEl autor,c2017. aPara ver el contenido del material haga clic en la liga aTesis ( Agrónomo en Horticultura Protegida) -- UACH. Departamento de Fitotecnia14aTomatexCalidad.14aTomatexDensidad de siembra.14aTomatexRendimiento.14aTomatexSistemas de Producción.1 aPablo Santiago, Juvenal aFinding aiduhttp://10.13.5.2/tesis/sist114358.pdfzTeclea aquí